| 000 | 01546nam a2200277Ia 4500 | ||
|---|---|---|---|
| 999 |
_c39867 _d39867 |
||
| 001 | 6472 | ||
| 003 | GE_BSU | ||
| 005 | 20250611115706.0 | ||
| 008 | 181216s2007||||ge |||||||||||||| ||geo|| | ||
| 020 | _a9789994097517 | ||
| 040 | _cGE_BSU | ||
| 041 | _ageo | ||
| 080 | _a618(075.8) ბ-80 | ||
| 245 |
_aმეანობა / _cვ. ბოდიაჟინა, კ. ჟმაკინა, ა. კირიუშჩენკოვი და სხვ.; ვ. ბოდიაჟინას "მეანობისა" და ვ. სეროვის "პრაქტიკული მეანობის" შეჯერ. და გადამუშ. თარგმანი / მთარგმნ.: გრიგოლ ქაჯაია და სხვ. |
||
| 250 | _aშეჯერებული და გადამუშავებული გამოცემა | ||
| 264 |
_aთბილისი : _bმთაწმინდელი, _c2007. |
||
| 300 |
_a559 გვ.: _bილ.; _c21 სმ. |
||
| 490 | _aსამედიცინო ლიტერატურა | ||
| 653 | _aმეანობა | ||
| 653 | _aმედიცინა | ||
| 700 |
_aბოდიაჟინა, ვ. _eავტორი _95382 |
||
| 700 |
_aჟმაკინა, კ. _eავტორი _95383 |
||
| 700 |
_aკირიუშჩენკოვი, ა. და სხვ. _eავტორი _95384 |
||
| 700 |
_aქაჯაია, გრიგოლ _e[მთარგმნელი _95385 |
||
| 942 |
_cBK _2udc |
||